Marketing and working capital management / (Record no. 41200)

MARC details
000 -LEADER
fixed length control field 00711nam a22002177a 4500
005 - DATE AND TIME OF LATEST TRANSACTION
control field 20100811165133.0
010 ## - LCCN (DPL NO)
LC control number ENG-99729
020 ## - INTERNATIONAL STANDARD BOOK NUMBER
Terms of availability 80.00
035 ## - SYSTEM CONTROL NUMBER
System control number EN-83261
037 ## - SOURCE OF ACQUISITION
Source of stock number/acquisition DBAD/PUB
082 ## - DEWEY DECIMAL CLASSIFICATION NUMBER
Classification number 658
100 ## - MAIN ENTRY--PERSONAL NAME
Personal name Chanthirakumar, P.
245 ## - TITLE STATEMENT
Title Marketing and working capital management /
Statement of responsibility, etc by P.Shanthirakumar
260 ## - PUBLICATION, DISTRIBUTION, ETC. (IMPRINT)
Place of publication, distribution, etc Koradachery
Name of publisher, distributor, etc Aruma Pathippagam
Date of publication, distribution, etc 2008
270 ## - ADDRESS
City Koradachery
Address 35, Gandhi Colony
Postal code 613703
300 ## - PHYSICAL DESCRIPTION
Extent 100p.:
Dimensions 21cm (pbk)
Other physical details ill.
500 ## - GENERAL NOTE
General note includes bibliographical references
700 ## - ADDED ENTRY--PERSONAL NAME
9 (RLIN) 10878
942 ## - ADDED ENTRY ELEMENTS (KOHA)
Source of classification or shelving scheme Dewey Decimal Classification
Item type English Books
Classification part 658
Call number suffix CHA
Holdings
Withdrawn status Lost status Not for loan Collection code Home library Current library Date acquired Source of acquisition Cost, normal purchase price Full call number Barcode Copy number Cost, replacement price Koha item type
    Not For Loan Non-fiction D.B.Act.Division D.B.Act.Division 11/08/2010 DBAD/PUB 80.00 658 CHA EN-83261 1 80.00 English Books

© Delhi Public Library
Hit Counter
free hit counter